Quiz sur le Lot-et-Garonne - Statistiques

Statistiques générales
  • Ce quiz a été pris 425 fois
  • Le résultat moyen est 15 sur 20
Statistiques - réponses
Question % Correct
Numéro du département 47
99%
Région Nouvelle-Aquitaine
97%
Préfecture et plus grande ville Agen
95%
Fruit séché indissociable de la préfecture Pruneau
93%
Lot
92%
Gironde
88%
Sport dans lequel s'illustrent les deux plus grandes villes du département respectivement 8 et 9 fois championnes de France Rugby
87%
Départements limitrophes Dordogne
81%
Landes
80%
Sous-préfectures Marmande
79%
Gers
78%
Villeneuve-sur-Lot
77%
Chanteur du département reconnaissable à son accent, sa guitare ou son album Sarbacane. Francis Cabrel
76%
Tarn-et-Garonne
74%
Gentilé Lot-et-Garonnais
62%
Nérac
58%
Enseigne de distribution de produits à petits prix originaire du département, comptant aujourd'hui quelques 500 magasins en France et dans le monde. Gifi
51%
Eau-de-vie du sud du département protégée par une AOP Armagnac
44%
Nom donné aux communes du Lot-et-Garonne et du sud ouest en général construites au Moyen-Age souvent en forme de quadrillage à l'instar de Villeréal ou Vianne. Bastide
43%
Nombre d'habitants (arrondi à la dizaine de milliers d'habitants) 330 000 (331 970)
33%
Aucun quiz correspondant
Distribution des résultats
% des personnes avec chaque résultat
Percentile par nombre de réponses
Votre historique - résultats
Vous n’avez pas pris ce quiz